000 00482nam a22001577a 4500
005 20251108164043.0
008 250721s1999 xx 000 0 ara d
082 1 4 _a616.08/مرش
245 1 0 _aالمرشد في الطب النفسي :
_bالكتاب الطبي الجامعي /
264 _bمنظمة الصحة العالمية،
_c1999.
300 _a250ص
650 1 7 _aالطب النفسي
650 1 7 _aالأمراض النفسية
942 _2ddc
_cBK
999 _c2455
_d2455